| Tag |
First Indicator |
Second Indicator |
Subfields |
| LEADER |
00000cam a2200000Ka 4500 |
| 001 |
in00002425152 |
| 006 |
m d |
| 007 |
cr un||||||||| |
| 008 |
041216s2002 enka s 001 0 eng d |
| 005 |
20260609193556.7 |
| 029 |
1 |
|
|a NZ1
|b 10533946
|
| 035 |
|
|
|a (OCoLC)57243961
|
| 040 |
|
|
|a EEICP
|c EEICP
|d UtOrBLW
|
| 049 |
|
|
|a TEFA
|
| 050 |
1 |
4 |
|a T385
|b .M3796 2002eb
|
| 082 |
0 |
4 |
|a 620.0042/0285/5369
|2 22
|
| 100 |
1 |
|
|a McFarlane, Robert.
|
| 245 |
1 |
0 |
|a Modelling with AutoCAD 2002 /
|c Bob McFarlane.
|
| 264 |
|
1 |
|a Oxford ;
|a Boston :
|b Butterworth-Heinemann,
|c 2002.
|
| 300 |
|
|
|a 1 online resource (vi, 336 pages) :
|b illustrations
|
| 336 |
|
|
|a text
|b txt
|2 rdacontent
|
| 337 |
|
|
|a computer
|b c
|2 rdamedia
|
| 338 |
|
|
|a online resource
|b cr
|2 rdacarrier
|
| 500 |
|
|
|a Includes index.
|
| 500 |
|
|
|a Electronic resource.
|
| 630 |
0 |
4 |
|a AutoCAD (Computer file)
|
| 630 |
0 |
0 |
|a AutoCAD.
|
| 650 |
|
0 |
|a Computer graphics.
|
| 650 |
|
0 |
|a Engineering models.
|
| 655 |
|
7 |
|a Electronic books.
|2 local
|
| 710 |
2 |
|
|a Elsevier Science Publishers.
|
| 730 |
0 |
|
|a Referex.
|
| 776 |
1 |
|
|c Original
|z 0750656115
|w (OCoLC)49641102
|
| 856 |
4 |
0 |
|u http://proxy.library.tamu.edu/login?url=https://www.sciencedirect.com/science/book/9780080511894
|z Connect to the full text of this electronic book
|t 0
|
| 994 |
|
|
|a C0
|b TEF
|
| 999 |
|
|
|a MARS
|
| 999 |
f |
f |
|s 02839585-e6a5-3471-a9df-0109a5dbb97f
|i 4e2a952f-b353-34f2-8906-a6cf4885bbbf
|t 0
|
| 952 |
f |
f |
|a Texas A&M University
|b College Station
|c Electronic Resources
|s www_evans
|d Available Online
|t 0
|e T385 .M3796 2002eb
|h Library of Congress classification
|
| 998 |
f |
f |
|a T385 .M3796 2002eb
|t 0
|l Available Online
|